COMPARATIVE EVALUATION OF EFFICACY OF SERUM IGF- LEVEL HAND WRIST RADIOGRAPHS AND CERVICAL VERTEBRAE AS SKELETAL MATURITY INDICATOR (Record no. 17452)
[ view plain ]
| 000 -LEADER | |
|---|---|
| fixed length control field | 00413nam a22001337a 4500 |
| 003 - CONTROL NUMBER IDENTIFIER | |
| control field | SGT |
| 082 ## - DEWEY DECIMAL CLASSIFICATION NUMBER | |
| Classification number | 617.643 |
| Item number | C12P |
| 100 ## - MAIN ENTRY--PERSONAL NAME | |
| Personal name | RITU, PHOGAT |
| 245 ## - TITLE STATEMENT | |
| Title | COMPARATIVE EVALUATION OF EFFICACY OF SERUM IGF- LEVEL HAND WRIST RADIOGRAPHS AND CERVICAL VERTEBRAE AS SKELETAL MATURITY INDICATOR |
| 260 ## - PUBLICATION, DISTRIBUTION, ETC. (IMPRINT) | |
| Place of publication, distribution, etc | DELHI NCR |
| Name of publisher, distributor, etc | SGT UNIVERSITY GURUGRAM |
| Year of Publication | 2012 |
| 300 ## - PAGE DESCRIPTION | |
| No. of Pages | 1-94 |
| 650 ## - SUBJECT ADDED ENTRY--TOPICAL TERM | |
| Topical term or geographic name as entry element | ORTHODONTICS |
| 942 ## - ADDED ENTRY ELEMENTS (KOHA) | |
| Source of classification or shelving scheme | Dewey Decimal Classification |
| Koha item type | Thesis/Dissertation |
| Withdrawn status | Lost status | Source of classification or shelving scheme | Damaged status | Not for loan | Home library | Current library | Shelving location | Date acquired | Vendor Name | SGTU | Total Checkouts | Full call number | Accession No. (Barcode) | Date last seen | Bill Date | Koha item type |
|---|---|---|---|---|---|---|---|---|---|---|---|---|---|---|---|---|
| Dewey Decimal Classification | SGT Dental Library | SGT Dental Library | Reference Book | 12/04/2019 | PERFECT BOOK BINDING HOUSE NEW DELHI | SGTU | 617.643 C12P | DT193 | 12/04/2019 | 12/04/2019 | Thesis/Dissertation | |||||
| Dewey Decimal Classification | SGT Dental Library | SGT Dental Library | Reference Book | 13/05/2021 | SGTU | 617.643 C12P | DT1130 | 13/05/2021 | 13/05/2021 | Thesis/Dissertation |